| 000 | 00786nam a2200265 a 4500 | ||
|---|---|---|---|
| 005 | 20140310183206.0 | ||
| 008 | 050803s19uu xx 00 eng d | ||
| 020 | _a9748279901 | ||
| 050 |
_aRT 48.6 _b.D64 2002 |
||
| 100 | _aDoenges, Marilyn E. | ||
| 245 |
_aNurse's pocket guide: _bdiagnoses, interventions, and rationales. |
||
| 250 | _a8th ed. | ||
| 260 |
_aPhiladelphia : _bF.A Davis Company, _c2002. |
||
| 300 |
_a717 p. : _bill. ; _c24 cm. |
||
| 521 | _aNUR | ||
| 650 |
_aNursing diagnosis _xHandbooks. |
||
| 650 |
_aNursing care _xclassification _xHandbooks. |
||
| 650 |
_aPatient care planning _xHandbooks. |
||
| 700 | _aMoorhouse, Mary Frances | ||
| 700 | _aMurr-Geissler, Alice | ||
| 942 |
_cBK _2lcc _kFOR |
||
| 999 |
_c20009 _d20009 |
||